000 00559nam a2200205 i 4500
001 bg
100 1 _aO'DONNELL, Michael
245 0 _aComputing in systems described by equations /
_cMichael O'Donnell.
260 _aBerlin :
_bSpringer,
_c1977.
490 1 _aLecture Notes in Computer Science ;
_vVol.58
650 9 _aInformatyka
830 _aLecture Notes in Computer Science ;
020 _a3540085319
040 _cBPK
041 _apol
080 _a004
920 _a3-540-08531-9
942 _cKS
008 s pl f |000 0 pol
999 _c18413
_d18413